000 00634nam a2200229Ia 4500
003 OSt
005 20220928145420.0
006 a|||||r|||| 00| 0
007 ta
008 220927b |||||||| |||| 00| 0 eng d
024 _a80540
037 _cTextual
040 _aSDCL
_cSDCL
_beng
041 _2eng
_aeng
082 _aD6,8B(B),2770bL7, N2
100 _aChurchland Patricia S
_9512906
245 0 _aComputational brain
260 _c1992
700 _a Sejnowski Terrence J
_9512907
942 _hD6,8B(B),2770bL7, N2
_cTEXL
_2CC
999 _c833560
_d833560